Rural Paraguay, 1870-1963 (Record no. 168707)
[ view plain ]
| 000 -LEADER | |
|---|---|
| fixed length control field | 00716nam a22001937a 4500 |
| 005 - DATE AND TIME OF LATEST TRANSACTION | |
| control field | 20231023131651.0 |
| 008 - FIXED-LENGTH DATA ELEMENTS--GENERAL INFORMATION | |
| fixed length control field | 231023b sp ||||| |||| 00| 0 spa d |
| 020 ## - INTERNATIONAL STANDARD BOOK NUMBER | |
| International Standard Book Number | 9788484894834 |
| 020 ## - INTERNATIONAL STANDARD BOOK NUMBER | |
| International Standard Book Number | 9783865275103 |
| 050 04 - LIBRARY OF CONGRESS CALL NUMBER | |
| Classification number | HC222 |
| Item number | K54 2009 |
| 100 1# - MAIN ENTRY--PERSONAL NAME | |
| Personal name | Kleinpenning, Jan M.G., |
| Relator term | autor. |
| 245 10 - TITLE STATEMENT | |
| Title | Rural Paraguay, 1870-1963 |
| Remainder of title | : a geography of progress, plunder and poverty |
| Statement of responsibility, etc | / Jan M. G. Kleinpenning |
| 260 ## - PUBLICATION, DISTRIBUTION, ETC. (IMPRINT) | |
| Place of publication, distribution, etc | Madrid : |
| -- | Iberoamericana ; Frankfurt am main : |
| Name of publisher, distributor, etc | Vervuert Verlag, |
| Date of publication, distribution, etc | 2009 |
| 300 ## - PHYSICAL DESCRIPTION | |
| Extent | 2 volúmenes ; |
| Dimensions | 23 cm |
| 651 #7 - SUBJECT ADDED ENTRY--GEOGRAPHIC NAME | |
| Source of heading or term | lemb |
| Geographic name | Paraguay |
| General subdivision | Condiciones rurales |
| 651 #7 - SUBJECT ADDED ENTRY--GEOGRAPHIC NAME | |
| Source of heading or term | lemb |
| Geographic name | Paraguay |
| General subdivision | Condiciones económicas |
| 651 #7 - SUBJECT ADDED ENTRY--GEOGRAPHIC NAME | |
| Source of heading or term | lemb |
| Geographic name | Paraguay |
| General subdivision | Condiciones sociales |
| 942 ## - ADDED ENTRY ELEMENTS (KOHA) | |
| Source of classification or shelving scheme | Biblioteca del Cogreso de los Estados Unidos |
| Koha item type | Libro |
No items available.